| 000 | 00357 a2200157 4500 | ||
|---|---|---|---|
| 001 | 180174 | ||
| 020 | _a | ||
| 040 | _cMagnum | ||
| 100 | _aSampaio, Márcio | ||
| 240 | 1 | 0 |
_aDr. clorofila contra rei poluidor _lpor |
| 245 | 1 | 0 | _aDr. clorofila contra rei poluidor |
| 300 | _a64 | ||
| 362 | 0 | _a1985 | |
| 697 | _aLITERATURA INFANTO-JUVENIL | ||
| 942 | _cBK | ||
| 999 |
_c180174 _d180174 |
||